000 00977nam a22003017a 4500
003 CHAP
005 20220329134940.0
008 971013s1929 r 00010 d
010 _a28551
011 _a29523
035 _a33634
040 _cCHAP
082 _a335.437
_bL3
100 0 0 _aLapidus, I.
_964808
245 _aPrécis d`economie politique
_b: l`economie politique et la theorie de l`economie sovietique
260 _aParis :
_bEditions Sociales Internacionales,
_c1929
300 _a468 p.
490 _aBibliothéque marxiste
_v; 8
590 _aBATCH-UPD
_b10
_c20130110
_lUCH01
_h2200
590 _aBATCH-UPD
_b10
_c20130410
_lUCH01
_h1508
590 _aBATCH-UPD
_b10
_c20130914
_lUCH01
_h1714
590 _aCONVERSION
_b10
_c20130109
_lUCH01
_h1316
650 1 4 _aU.R.S.S.
_xPolítica económica.
_9115774
830 0 _aBibliothéque marxiste
_v; 8
_912591
901 _aBK
942 _cLIBRO
949 _a335.437 L3
_bBC
_cLIBRO
_d33724000351078
_eLIBRO
_i33634
_si
999 _c28551
_d28551